[Event "DEM U10w 2017"]
[Site "Willingen GER"]
[Date "2017.06.09"]
[Round "9"]
[White "Roncea, Andreea-Alexandra"]
[Black "Ramien, Hannah"]
[Result "1-0"]
[Termination "normal"]
[Board "1"]
[WhiteElo "1361"]
[BlackElo "1243"]
[WhiteClock "00:21:59"]
[BlackClock "00:43:53"]
[PlyCount "127"]
[WhiteFideId "16233115"]
[BlackFideId "16209982"]
[EventCountry "GER"]
[EventRounds "11"]
[EventType "swiss"]
[EventDate "2017.06.03"]

1. e4 {[%clk 1:15:58]} 1... e5 {[%clk 1:15:53]} 2. Nf3 {[%clk 1:16:21]} 2...
Nc6 {[%clk 1:16:16]} 3. Bc4 {[%clk 1:16:42]} 3... Nf6 {[%clk 1:16:38]} 4. d3 {
[%clk 1:17:03]} 4... Be7 {[%clk 1:10:48]} 5. O-O {[%clk 1:16:51]} 5... O-O {
[%clk 1:11:01]} 6. Re1 {[%clk 1:17:10]} 6... d6 {[%clk 1:11:09]} 7. c3 { [%clk
1:17:12]} 7... Na5 {[%clk 1:11:15]} 8. Bb5 {[%clk 1:17:04]} 8... c6 { [%clk
1:11:23]} 9. Ba4 {[%clk 1:17:01]} 9... b5 {[%clk 1:11:23]} 10. Bc2 { [%clk
1:16:54]} 10... c5 {[%clk 1:11:12]} 11. Nbd2 {[%clk 1:14:53]} 11... Nc6 { [%clk
1:10:56]} 12. Nf1 {[%clk 1:13:48]} 12... h6 {[%clk 1:11:03]} 13. Ng3 { [%clk
1:12:36]} 13... Re8 {[%clk 1:10:58]} 14. h3 {[%clk 1:10:31]} 14... Bf8 { [%clk
1:11:11]} 15. d4 {[%clk 1:04:15]} 15... cxd4 {[%clk 1:03:51]} 16. cxd4 { [%clk
1:04:24]} 16... Qc7 {[%clk 1:02:13]} 17. dxe5 {[%clk 0:58:01]} 17... dxe5
{[%clk 1:01:53]} 18. Qe2 {[%clk 0:56:00]} 18... Nb4 {[%clk 1:00:09]} 19. Bb3 {
[%clk 0:51:07]} 19... a6 {[%clk 0:59:06]} 20. Be3 {[%clk 0:48:50]} 20... Qb7 {
[%clk 0:50:50]} 21. Bd2 {[%clk 0:44:25]} 21... Bd7 {[%clk 0:48:33]} 22. Bc3 {
[%clk 0:43:33]} 22... Bd6 {[%clk 0:43:15]} 23. Red1 {[%clk 0:43:10]} 23... Bc7
{[%clk 0:43:25]} 24. Bxb4 {[%clk 0:43:22]} 24... a5 {[%clk 0:41:42]} 25. Be1 {
[%clk 0:41:55]} 25... Bc6 {[%clk 0:41:33]} 26. Bc2 {[%clk 0:38:34]} 26... b4 {
[%clk 0:40:20]} 27. Rac1 {[%clk 0:35:46]} 27... Rad8 {[%clk 0:40:12]} 28. Rxd8
{[%clk 0:35:07]} 28... Rxd8 {[%clk 0:40:33]} 29. Bb3 {[%clk 0:33:14]} 29... a4
{[%clk 0:39:59]} 30. Bxf7+ {[%clk 0:33:12]} 30... Kxf7 {[%clk 0:38:46]} 31.
Qc4+ {[%clk 0:33:31]} 31... Kg6 {[%clk 0:39:01]} 32. Qxc6 {[%clk 0:33:04]}
32... Qxc6 {[%clk 0:39:26]} 33. Rxc6 {[%clk 0:33:26]} 33... Bd6 {[%clk 0:39:29]
} 34. Nf5 {[%clk 0:30:56]} 34... Bb8 {[%clk 0:39:10]} 35. Bxb4 {[%clk 0:29:18]}
35... Kh7 {[%clk 0:39:04]} 36. Nd6 {[%clk 0:22:40]} 36... Bxd6 {[%clk 0:38:36]}
37. Rxd6 {[%clk 0:22:52]} 37... Rxd6 {[%clk 0:38:49]} 38. Bxd6 {[%clk 0:23:12]}
38... Nxe4 {[%clk 0:39:12]} 39. Bxe5 {[%clk 0:23:21]} 39... Nc5 {[%clk 0:38:32]
} 40. Kf1 {[%clk 0:22:55]} 40... g5 {[%clk 0:38:38]} 41. Ke2 {[%clk 0:22:10]}
41... Kg6 {[%clk 0:37:53]} 42. Ke3 {[%clk 0:20:28]} 42... Kf5 {[%clk 0:37:43]}
43. Bd4 {[%clk 0:19:19]} 43... Ne4 {[%clk 0:37:35]} 44. g4+ {[%clk 0:18:56]}
44... Ke6 {[%clk 0:37:36]} 45. Kxe4 {[%clk 0:19:25]} 45... Kf7 {[%clk 0:37:40]}
46. b3 {[%clk 0:19:25]} 46... axb3 {[%clk 0:38:02]} 47. axb3 {[%clk 0:19:46]}
47... Ke7 {[%clk 0:38:25]} 48. b4 {[%clk 0:20:04]} 48... Kd6 {[%clk 0:38:49]}
49. Kf5 {[%clk 0:20:09]} 49... Kc6 {[%clk 0:39:08]} 50. Kg6 {[%clk 0:20:28]}
50... Kb5 {[%clk 0:39:32]} 51. Bc5 {[%clk 0:20:51]} 51... Kc6 {[%clk 0:39:47]}
52. Kxh6 {[%clk 0:21:10]} 52... Kb5 {[%clk 0:40:05]} 53. Kxg5 {[%clk 0:21:30]}
53... Kc6 {[%clk 0:40:26]} 54. h4 {[%clk 0:21:50]} 54... Kb5 {[%clk 0:40:49]}
55. h5 {[%clk 0:22:13]} 55... Kc6 {[%clk 0:41:14]} 56. h6 {[%clk 0:22:31]}
56... Kb5 {[%clk 0:41:40]} 57. h7 {[%clk 0:22:49]} 57... Kc6 {[%clk 0:41:58]}
58. h8=Q {[%clk 0:23:06]} 58... Kb5 {[%clk 0:42:23]} 59. Qd4 {[%clk 0:22:26]}
59... Kc6 {[%clk 0:42:40]} 60. b5+ {[%clk 0:22:03]} 60... Kxb5 {[%clk 0:42:56]}
61. Qd5 {[%clk 0:21:11]} 61... Ka4 {[%clk 0:43:13]} 62. Qb7 {[%clk 0:21:26]}
62... Ka5 {[%clk 0:43:31]} 63. Qb4+ {[%clk 0:21:36]} 63... Ka6 {[%clk 0:43:53]}
64. Qb6# {[%clk 0:21:59]} 1-0

[Event "DEM U10w 2017"]
[Site "Willingen GER"]
[Date "2017.06.09"]
[Round "9"]
[White "Pohle, Saskia"]
[Black "Peglau, Charis"]
[Result "1-0"]
[Termination "normal"]
[Board "2"]
[WhiteElo "1416"]
[BlackElo "1193"]
[WhiteClock "00:07:51"]
[BlackClock "00:32:20"]
[PlyCount "97"]
[WhiteFideId "16201604"]
[BlackFideId "16219996"]
[EventCountry "GER"]
[EventRounds "11"]
[EventType "swiss"]
[EventDate "2017.06.03"]

1. e4 {[%clk 1:15:59]} 1... c5 {[%clk 1:15:49]} 2. Nc3 {[%clk 1:16:22]} 2... d6
{[%clk 1:16:03]} 3. f4 {[%clk 1:16:41]} 3... g6 {[%clk 1:16:16]} 4. Nf3 { [%clk
1:10:45]} 4... Nc6 {[%clk 1:16:14]} 5. Bb5 {[%clk 1:11:01]} 5... Bd7 { [%clk
1:16:35]} 6. d3 {[%clk 1:10:57]} 6... a6 {[%clk 1:16:52]} 7. Bxc6 { [%clk
1:11:11]} 7... Bxc6 {[%clk 1:17:13]} 8. O-O {[%clk 1:11:28]} 8... Bg7 { [%clk
1:17:32]} 9. Be3 {[%clk 1:10:38]} 9... e6 {[%clk 1:17:31]} 10. Qe1 { [%clk
1:07:41]} 10... Ne7 {[%clk 1:17:45]} 11. Kh1 {[%clk 1:05:22]} 11... b5 { [%clk
1:15:20]} 12. Qh4 {[%clk 0:55:54]} 12... b4 {[%clk 1:14:13]} 13. Ne2 { [%clk
0:53:32]} 13... Bxb2 {[%clk 1:13:42]} 14. Rae1 {[%clk 0:53:48]} 14... Bg7
{[%clk 1:13:39]} 15. Ng3 {[%clk 0:46:05]} 15... Nc8 {[%clk 1:12:21]} 16. Qxd8+
{[%clk 0:46:19]} 16... Kxd8 {[%clk 1:12:40]} 17. Ng5 {[%clk 0:41:17]} 17... Ke7
{[%clk 1:11:24]} 18. f5 {[%clk 0:40:23]} 18... Bf6 {[%clk 1:10:55]} 19. fxe6 {
[%clk 0:35:38]} 19... fxe6 {[%clk 1:10:46]} 20. Rf2 {[%clk 0:31:39]} 20... h6 {
[%clk 1:10:08]} 21. Nh3 {[%clk 0:27:05]} 21... Bg7 {[%clk 1:09:46]} 22. Ref1 {
[%clk 0:26:10]} 22... Rf8 {[%clk 1:09:55]} 23. Nf4 {[%clk 0:23:01]} 23... Rf6 {
[%clk 1:09:16]} 24. e5 {[%clk 0:19:21]} 24... dxe5 {[%clk 1:07:04]} 25. Bxc5+ {
[%clk 0:19:47]} 25... Nd6 {[%clk 1:04:04]} 26. Nxg6+ {[%clk 0:16:43]} 26...
Rxg6 {[%clk 1:02:40]} 27. Rf7+ {[%clk 0:17:06]} 27... Kd8 {[%clk 1:01:54]} 28.
Bxd6 {[%clk 0:17:28]} 28... h5 {[%clk 1:01:15]} 29. Ne4 {[%clk 0:16:14]} 29...
a5 {[%clk 0:59:11]} 30. Re7 {[%clk 0:13:46]} 30... Be8 {[%clk 0:56:33]} 31. Nc5
{[%clk 0:13:32]} 31... Bc6 {[%clk 0:42:54]} 32. Nxe6+ {[%clk 0:12:49]} 32...
Rxe6 {[%clk 0:42:43]} 33. Rxe6 {[%clk 0:13:14]} 33... Bd5 {[%clk 0:37:24]} 34.
Rg6 {[%clk 0:12:22]} 34... Ra7 {[%clk 0:35:05]} 35. Bc5 {[%clk 0:09:54]} 35...
Rb7 {[%clk 0:34:21]} 36. Bb6+ {[%clk 0:10:03]} 36... Ke8 {[%clk 0:34:29]} 37.
Bxa5 {[%clk 0:10:15]} 37... Bf8 {[%clk 0:33:20]} 38. Ra6 {[%clk 0:08:14]} 38...
Rg7 {[%clk 0:32:59]} 39. Rf2 {[%clk 0:07:21]} 39... Bc5 {[%clk 0:32:26]} 40.
Re2 {[%clk 0:07:36]} 40... Kd7 {[%clk 0:32:04]} 41. Bxb4 {[%clk 0:07:03]} 41...
Bf3 {[%clk 0:31:29]} 42. Bxc5 {[%clk 0:07:15]} 42... Bxe2 {[%clk 0:30:55]} 43.
Ra7+ {[%clk 0:07:39]} 43... Kc6 {[%clk 0:31:14]} 44. Rxg7 {[%clk 0:08:04]}
44... Kxc5 {[%clk 0:31:38]} 45. Re7 {[%clk 0:06:31]} 45... Kd6 {[%clk 0:31:49]}
46. Re8 {[%clk 0:06:53]} 46... Bd1 {[%clk 0:31:47]} 47. c4 {[%clk 0:07:03]}
47... Be2 {[%clk 0:31:58]} 48. a4 {[%clk 0:07:27]} 48... Bxd3 {[%clk 0:32:20]}
49. Rd8+ {[%clk 0:07:51]} 1-0

[Event "DEM U10w 2017"]
[Site "Willingen GER"]
[Date "2017.06.09"]
[Round "9"]
[White "von Beckh, Frieda"]
[Black "Peglau, Dora"]
[Result "1-0"]
[Termination "normal"]
[Board "3"]
[WhiteElo "1248"]
[BlackElo "1159"]
[WhiteClock "00:38:26"]
[BlackClock "00:53:27"]
[PlyCount "59"]
[WhiteFideId "16233751"]
[BlackFideId "16220005"]
[EventCountry "GER"]
[EventRounds "11"]
[EventType "swiss"]
[EventDate "2017.06.03"]

1. e4 {[%clk 1:15:56]} 1... c5 {[%clk 1:15:55]} 2. d4 {[%clk 1:16:19]} 2...
cxd4 {[%clk 1:16:17]} 3. c3 {[%clk 1:16:47]} 3... dxc3 {[%clk 1:16:39]} 4. Nxc3
{[%clk 1:17:12]} 4... Nc6 {[%clk 1:16:42]} 5. Nf3 {[%clk 1:17:31]} 5... e6 {
[%clk 1:16:47]} 6. Bc4 {[%clk 1:17:43]} 6... a6 {[%clk 1:16:57]} 7. Be3 { [%clk
1:17:26]} 7... Nge7 {[%clk 1:17:12]} 8. O-O {[%clk 1:17:49]} 8... Ng6 { [%clk
1:17:29]} 9. Qe2 {[%clk 1:17:58]} 9... Be7 {[%clk 1:17:41]} 10. Na4 { [%clk
1:17:28]} 10... b5 {[%clk 1:17:43]} 11. Bb6 {[%clk 1:17:41]} 11... Nf4 { [%clk
1:15:06]} 12. Qe3 {[%clk 1:17:18]} 12... Bc5 {[%clk 1:14:41]} 13. Bxc5 13...
Qf6 {[%clk 1:13:54]} 14. Nb6 {[%clk 1:08:38]} 14... Nxg2 {[%clk 1:08:58]} 15.
Kxg2 {[%clk 1:07:23]} 15... Rb8 {[%clk 1:08:26]} 16. Bd6 {[%clk 1:05:28]} 16...
Rb7 {[%clk 1:08:19]} 17. Bxb5 {[%clk 1:02:37]} 17... axb5 {[%clk 1:07:54] } 18.
Nxc8 {[%clk 1:02:29]} 18... Qd8 {[%clk 1:07:18]} 19. Qc3 {[%clk 0:58:25]} 19...
Rg8 {[%clk 1:06:41]} 20. Be5 {[%clk 0:57:18]} 20... Qxc8 {[%clk 1:06:25]} 21.
Bxg7 {[%clk 0:57:01]} 21... e5 {[%clk 1:03:59]} 22. Nxe5 {[%clk 0:52:16]} 22...
Rxg7+ {[%clk 1:03:08]} 23. Kh1 {[%clk 0:52:42]} 23... Rg5 {[%clk 1:01:07] } 24.
Nf3 {[%clk 0:48:40]} 24... Rg8 {[%clk 1:00:19]} 25. Rg1 {[%clk 0:48:02]} 25...
Ke7 {[%clk 0:57:15]} 26. Rxg8 {[%clk 0:43:13]} 26... Qxg8 {[%clk 0:57:10] } 27.
Rg1 {[%clk 0:42:43]} 27... Qe8 {[%clk 0:55:00]} 28. Qc5+ {[%clk 0:41:54]} 28...
Kd8 {[%clk 0:54:20]} 29. Qd6 {[%clk 0:38:23]} 29... Qxe4 {[%clk 0:53:27]} 30.
Rg8+ {[%clk 0:38:26]} 1-0

[Event "DEM U10w 2017"]
[Site "Willingen GER"]
[Date "2017.06.09"]
[Round "9"]
[White "Voigt, Anastasia"]
[Black "Fischer, Darja"]
[Result "0-1"]
[Termination "normal"]
[Board "4"]
[WhiteElo "1181"]
[BlackElo "1196"]
[WhiteClock "00:10:00"]
[BlackClock "00:34:54"]
[PlyCount "64"]
[WhiteFideId "16235223"]
[BlackFideId "16240898"]
[EventCountry "GER"]
[EventRounds "11"]
[EventType "swiss"]
[EventDate "2017.06.03"]

1. e4 {[%clk 1:15:58]} 1... e5 {[%clk 1:15:57]} 2. Nf3 {[%clk 1:16:19]} 2...
Nc6 {[%clk 1:16:22]} 3. Bc4 {[%clk 1:16:37]} 3... Bc5 {[%clk 1:16:45]} 4. c3 {
[%clk 1:16:55]} 4... Nf6 {[%clk 1:16:55]} 5. d4 {[%clk 1:17:16]} 5... exd4 {
[%clk 1:17:20]} 6. e5 {[%clk 1:17:21]} 6... d5 {[%clk 1:17:36]} 7. Bb5 { [%clk
1:17:41]} 7... Ne4 {[%clk 1:17:57]} 8. cxd4 {[%clk 1:17:58]} 8... Bb6 { [%clk
1:18:12]} 9. Bxc6+ 9... bxc6 {[%clk 1:18:30]} 10. Be3 {[%clk 1:15:14]} 10...
O-O {[%clk 1:18:20]} 11. h3 {[%clk 1:14:23]} 11... Ba6 {[%clk 1:16:05]} 12.
Nbd2 {[%clk 1:13:10]} 12... f5 {[%clk 1:12:23]} 13. g3 {[%clk 1:10:14]} 13...
c5 {[%clk 1:09:10]} 14. Nxe4 {[%clk 1:04:46]} 14... fxe4 {[%clk 1:08:35]} 15.
Nh2 {[%clk 1:02:34]} 15... Qe7 {[%clk 1:03:27]} 16. Qd2 {[%clk 0:53:34]} 16...
Rab8 {[%clk 0:58:46]} 17. O-O-O {[%clk 0:52:32]} 17... Bd3 { [%clk 0:54:11]}
18. Qc3 {[%clk 0:48:05]} 18... c4 {[%clk 0:46:51]} 19. h4 { [%clk 0:45:57]}
19... a5 {[%clk 0:41:19]} 20. a3 {[%clk 0:44:23]} 20... Qd7 { [%clk 0:39:42]}
21. Rhe1 {[%clk 0:40:45]} 21... Qa4 {[%clk 0:35:44]} 22. g4 { [%clk 0:28:20]}
22... Ba7 {[%clk 0:35:28]} 23. h5 {[%clk 0:19:33]} 23... Rb3 { [%clk 0:34:24]}
24. Qd2 {[%clk 0:19:31]} 24... Rfb8 {[%clk 0:34:43]} 25. Re2 { [%clk 0:09:42]}
25... Rxb2 {[%clk 0:33:38]} 26. Qxb2 {[%clk 0:09:24]} 26... Rxb2 {[%clk
0:34:00]} 27. Kxb2 {[%clk 0:09:43]} 27... Qb3+ {[%clk 0:34:15]} 28. Ka1 {[%clk
0:09:25]} 28... Qxd1+ {[%clk 0:34:32]} 29. Kb2 {[%clk 0:09:21]} 29... Qxe2+
{[%clk 0:34:45]} 30. Ka1 {[%clk 0:09:36]} 30... Qd1+ { [%clk 0:34:28]} 31. Kb2
{[%clk 0:09:37]} 31... Qc2+ {[%clk 0:34:54]} 32. Ka1 { [%clk 0:10:00]} 32...
Qb1# 0-1

[Event "DEM U10w 2017"]
[Site "Willingen GER"]
[Date "2017.06.09"]
[Round "9"]
[White "Keymer, Cecilia"]
[Black "Zhou, Lepu Coco"]
[Result "0-1"]
[Termination "normal"]
[Board "5"]
[WhiteElo "1311"]
[BlackElo "1592"]
[WhiteClock "00:14:52"]
[BlackClock "00:18:49"]
[PlyCount "152"]
[WhiteFideId "16233468"]
[BlackFideId "16217136"]
[EventCountry "GER"]
[EventRounds "11"]
[EventType "swiss"]
[EventDate "2017.06.03"]

1. d4 {[%clk 1:15:58]} 1... Nf6 {[%clk 1:15:56]} 2. c4 {[%clk 1:16:23]} 2... c5
{[%clk 1:16:23]} 3. d5 {[%clk 1:16:44]} 3... b5 {[%clk 1:16:48]} 4. cxb5 {
[%clk 1:17:03]} 4... a6 {[%clk 1:17:09]} 5. b6 {[%clk 1:17:25]} 5... g6 { [%clk
1:17:07]} 6. Nc3 {[%clk 1:17:40]} 6... Qxb6 {[%clk 1:15:38]} 7. e4 { [%clk
1:17:36]} 7... d6 {[%clk 1:15:42]} 8. Be2 {[%clk 1:16:25]} 8... Bg7 { [%clk
1:15:38]} 9. Nf3 {[%clk 1:16:26]} 9... O-O {[%clk 1:15:54]} 10. Nd2 { [%clk
1:13:54]} 10... a5 {[%clk 1:15:14]} 11. Bb5 {[%clk 1:05:25]} 11... Ba6 { [%clk
1:14:16]} 12. a4 {[%clk 1:01:48]} 12... Nbd7 {[%clk 1:03:04]} 13. Nc4 { [%clk
0:57:12]} 13... Qc7 {[%clk 1:03:26]} 14. Qc2 {[%clk 0:54:26]} 14... Rfb8 {[%clk
0:50:37]} 15. O-O {[%clk 0:50:35]} 15... Bxb5 {[%clk 0:44:42]} 16. Nxb5 {[%clk
0:50:42]} 16... Qb7 {[%clk 0:44:39]} 17. Bd2 {[%clk 0:49:23]} 17... Nb6 {[%clk
0:32:16]} 18. Nxa5 {[%clk 0:39:14]} 18... Qd7 {[%clk 0:32:38]} 19. Nc6 { [%clk
0:38:58]} 19... Rc8 {[%clk 0:32:51]} 20. Na5 {[%clk 0:31:52]} 20... e6 { [%clk
0:28:42]} 21. dxe6 {[%clk 0:30:16]} 21... fxe6 {[%clk 0:28:56]} 22. b3 { [%clk
0:29:17]} 22... Ne8 {[%clk 0:24:09]} 23. Rac1 {[%clk 0:27:10]} 23... Nc7 {[%clk
0:24:22]} 24. Nxc7 {[%clk 0:25:55]} 24... Qxc7 {[%clk 0:24:40]} 25. Nc4 {[%clk
0:25:24]} 25... Nxc4 {[%clk 0:24:17]} 26. Qxc4 {[%clk 0:25:44]} 26... Qd7
{[%clk 0:24:19]} 27. Be3 {[%clk 0:24:10]} 27... d5 {[%clk 0:21:09]} 28. exd5
{[%clk 0:22:37]} 28... exd5 {[%clk 0:21:27]} 29. Qd3 {[%clk 0:22:11]} 29... d4
{[%clk 0:20:39]} 30. Qc4+ {[%clk 0:21:53]} 30... Qf7 {[%clk 0:21:01]} 31. Bd2
{[%clk 0:21:10]} 31... Qxc4 {[%clk 0:21:22]} 32. Rxc4 {[%clk 0:21:33]} 32...
Rab8 {[%clk 0:20:58]} 33. Rb1 {[%clk 0:21:38]} 33... Kf7 {[%clk 0:19:19]} 34.
b4 {[%clk 0:18:50]} 34... cxb4 {[%clk 0:19:43]} 35. Rxc8 {[%clk 0:19:06]} 35...
Rxc8 {[%clk 0:19:58]} 36. Rxb4 {[%clk 0:18:46]} 36... Rc2 {[%clk 0:20:13] } 37.
Bf4 {[%clk 0:16:18]} 37... d3 {[%clk 0:20:25]} 38. Rb7+ {[%clk 0:14:40]} 38...
Kf6 {[%clk 0:20:21]} 39. a5 {[%clk 0:11:10]} 39... d2 {[%clk 0:20:21]} 40. Bxd2
{[%clk 0:10:52]} 40... Rxd2 {[%clk 0:20:45]} 41. Rb6+ {[%clk 0:10:55]} 41...
Kg5 {[%clk 0:21:03]} 42. Kf1 {[%clk 0:10:55]} 42... Bd4 {[%clk 0:20:19]} 43.
Rb5+ {[%clk 0:11:14]} 43... Kh6 {[%clk 0:20:33]} 44. Rd5 {[%clk 0:09:58]} 44...
Rxf2+ {[%clk 0:19:40]} 45. Ke1 {[%clk 0:10:18]} 45... Rf4 {[%clk 0:19:21] } 46.
a6 {[%clk 0:09:50]} 46... Bc3+ {[%clk 0:16:12]} 47. Ke2 {[%clk 0:09:53]} 47...
Rf6 {[%clk 0:14:00]} 48. Kd3 {[%clk 0:09:03]} 48... Be1 {[%clk 0:12:34]} 49.
Re5 {[%clk 0:07:49]} 49... Bb4 {[%clk 0:09:03]} 50. Rb5 {[%clk 0:05:47]} 50...
Rd6+ {[%clk 0:08:02]} 51. Kc4 {[%clk 0:04:56]} 51... Rxa6 {[%clk 0:07:50] } 52.
Rxb4 {[%clk 0:03:28]} 52... Ra2 {[%clk 0:08:08]} 53. Rb3 {[%clk 0:03:24]} 53...
Rxg2 {[%clk 0:08:04]} 54. Rh3+ {[%clk 0:03:48]} 54... Kg7 {[%clk 0:08:21] } 55.
Kd3 {[%clk 0:03:50]} 55... h5 {[%clk 0:08:45]} 56. Ke3 {[%clk 0:03:52]} 56...
Kh6 {[%clk 0:08:59]} 57. Kf3 {[%clk 0:03:49]} 57... Ra2 {[%clk 0:09:23]} 58.
Rh4 {[%clk 0:01:17]} 58... g5 {[%clk 0:09:38]} 59. Rd4 {[%clk 0:01:06]} 59...
Ra3+ {[%clk 0:08:17]} 60. Ke4 {[%clk 0:01:10]} 60... h4 {[%clk 0:08:34]} 61.
Kf5 {[%clk 0:00:35]} 61... Rh3 {[%clk 0:06:49]} 62. Kg4 {[%clk 0:00:44]} 62...
Rxh2 {[%clk 0:05:50]} 63. Rd6+ {[%clk 0:01:08]} 63... Kg7 {[%clk 0:06:11] } 64.
Rd7+ {[%clk 0:01:26]} 64... Kf6 {[%clk 0:06:33]} 65. Rd5 {[%clk 0:01:28]} 65...
Rg2+ {[%clk 0:06:53]} 66. Kh3 {[%clk 0:00:48]} 66... Rg3+ {[%clk 0:07:17] } 67.
Kh2 {[%clk 0:00:55]} 67... g4 {[%clk 0:05:54]} 68. Ra5 {[%clk 0:00:56]} 68...
Re3 {[%clk 0:05:22]} 69. Kh1 {[%clk 0:00:45]} 69... Re5 {[%clk 0:03:46]} 70.
Ra1 {[%clk 0:00:40]} 70... Kg5 {[%clk 0:03:39]} 71. Rg1 {[%clk 0:00:44]} 71...
h3 {[%clk 0:03:48]} 72. Kh2 {[%clk 0:00:34]} 72... Kh4 {[%clk 0:04:00]} 73. Kh1
{[%clk 0:15:22]} 73... g3 {[%clk 0:18:54]} 74. Ra1 {[%clk 0:15:17]} 74... h2
{[%clk 0:18:49]} 75. Kg2 {[%clk 0:14:52]} 75... Re2+ 76. Kh1 Kh3 0-1

[Event "DEM U10w 2017"]
[Site "Willingen GER"]
[Date "2017.06.09"]
[Round "9"]
[White "Sohr, Luna"]
[Black "Bräutigam, Katerina"]
[Result "1/2-1/2"]
[Termination "normal"]
[Board "6"]
[WhiteElo "1199"]
[BlackElo "1064"]
[WhiteClock "00:53:58"]
[BlackClock "00:53:26"]
[PlyCount "43"]
[WhiteFideId "16251261"]
[BlackFideId "16242980"]
[EventCountry "GER"]
[EventRounds "11"]
[EventType "swiss"]
[EventDate "2017.06.03"]

1. e4 {[%clk 1:15:56]} 1... c5 {[%clk 1:15:53]} 2. Nf3 {[%clk 1:16:06]} 2... d6
{[%clk 1:15:59]} 3. Bb5+ {[%clk 1:16:18]} 3... Bd7 {[%clk 1:16:16]} 4. Bxd7+ {
[%clk 1:16:20]} 4... Qxd7 {[%clk 1:15:48]} 5. Nc3 {[%clk 1:16:07]} 5... Nc6 {
[%clk 1:15:50]} 6. O-O {[%clk 1:15:39]} 6... e6 {[%clk 1:16:01]} 7. Re1 { [%clk
1:14:21]} 7... e5 {[%clk 1:15:57]} 8. d3 {[%clk 1:13:35]} 8... g6 { [%clk
1:15:57]} 9. Be3 {[%clk 1:12:36]} 9... Bg7 {[%clk 1:15:25]} 10. Qd2 { [%clk
1:11:12]} 10... Nge7 {[%clk 1:15:32]} 11. Rad1 {[%clk 1:10:12]} 11... O-O
{[%clk 1:14:46]} 12. Bh6 {[%clk 1:09:46]} 12... Rac8 {[%clk 1:13:41]} 13. Bxg7
{[%clk 1:09:10]} 13... Kxg7 {[%clk 1:13:35]} 14. h3 {[%clk 1:04:02]} 14... Ng8
{[%clk 1:08:21]} 15. Nd5 {[%clk 1:01:02]} 15... Nf6 {[%clk 1:08:10]} 16. Nxf6 {
[%clk 1:01:26]} 16... Kxf6 {[%clk 1:08:06]} 17. Qh6 {[%clk 1:00:55]} 17... Qe8
{[%clk 1:04:58]} 18. Ng5 {[%clk 1:00:04]} 18... Rh8 {[%clk 1:04:26]} 19. Re3 {
[%clk 0:59:17]} 19... Ke7 {[%clk 1:00:30]} 20. Rf3 {[%clk 0:57:49]} 20... Rf8 {
[%clk 0:56:18]} 21. Qxh7 {[%clk 0:53:58]} 21... Nd4 {[%clk 0:53:26]} 22. Re3
1/2-1/2

[Event "DEM U10w 2017"]
[Site "Willingen GER"]
[Date "2017.06.09"]
[Round "9"]
[White "Prinzen, Siri Marleen"]
[Black "Adelmeyer, Nelly"]
[Result "1/2-1/2"]
[Termination "normal"]
[Board "7"]
[WhiteElo "951"]
[BlackElo "1187"]
[PlyCount "120"]
[WhiteFideId "16265912"]
[BlackFideId "16203577"]
[EventCountry "GER"]
[EventRounds "11"]
[EventType "swiss"]
[EventDate "2017.06.03"]

1. e4 c5 2. Nf3 d6 3. Bc4 Nc6 4. c3 Nf6 5. d3 g6 6. Bg5 Bg7 7. h3 O-O 8. Nbd2
Bd7 9. O-O a6 10. a4 Qb6 11. Qb3 Qxb3 12. Bxb3 b5 13. axb5 axb5 14. Rxa8 Rxa8
15. Re1 b4 16. d4 bxc3 17. bxc3 cxd4 18. cxd4 Nb4 19. e5 Nfd5 20. Nc4 Nd3 21.
Rd1 N3f4 22. exd6 exd6 23. Nxd6 Nc3 24. Bxf7+ Kf8 25. Re1 Nfe2+ 26. Kf1 h6 27.
Be3 Nb5 28. Rxe2 Nxd6 29. Bxg6 Bb5 30. Ke1 Ra1+ 31. Bc1 Rxc1+ 32. Kd2 Bxe2 33.
Kxc1 Bxf3 34. gxf3 Bxd4 35. f4 Bxf2 36. f5 Kg7 37. Kd2 Kf6 38. Ke2 Nxf5 39.
Bxf5 Kxf5 40. Kxf2 Kf4 41. Kg2 h5 42. Kf2 Kg5 43. Kg3 h4+ 44. Kg2 Kf4 45. Kf2
Kg5 46. Kg2 Kg6 47. Kf3 Kf5 48. Kg2 Ke4 49. Kf2 Kf4 50. Kg2 Ke3 51. Kh2 Kf3 52.
Kh1 Kg3 53. Kg1 Kxh3 54. Kh1 Kg3 55. Kg1 Kg4 56. Kg2 Kf5 57. Kh3 Kg5 58. Kg2
Kg4 59. Kh2 h3 60. Kg1 Kg3 1/2-1/2

[Event "DEM U10w 2017"]
[Site "Willingen GER"]
[Date "2017.06.09"]
[Round "9"]
[White "Labuda, Annika"]
[Black "Nguyen, Jenny Ha Linh"]
[Result "1-0"]
[Termination "normal"]
[Board "8"]
[WhiteElo "1144"]
[BlackElo "1102"]
[PlyCount "79"]
[WhiteFideId "16261453"]
[BlackFideId "16209729"]
[EventCountry "GER"]
[EventRounds "11"]
[EventType "swiss"]
[EventDate "2017.06.03"]

1. e4 e5 2. Nf3 Nc6 3. Nc3 Bc5 4. Nxe5 Nxe5 5. d4 Bd6 6. dxe5 Bxe5 7. Bd2 Nf6
8. Bd3 O-O 9. O-O d6 10. h3 Re8 11. Qf3 c6 12. Rfe1 d5 13. exd5 cxd5 14. Rab1
d4 15. Ne4 Nxe4 16. Rxe4 b6 17. Qe2 f6 18. f4 Bb7 19. fxe5 Bxe4 20. Qxe4 g6 21.
e6 Qe7 22. Qxd4 Rad8 23. Qb4 Qg7 24. Bc4 Kh8 25. Bc3 Rc8 26. Rf1 Rxc4 27. Qxc4
Rf8 28. Re1 h6 29. e7 Re8 30. Rf1 Qg8 31. Bxf6+ Kh7 32. Qxg8+ Rxg8 33. Rd1 g5
34. Rd8 Rxd8 35. exd8=Q b5 36. Qh8+ Kg6 37. Qg7+ Kh5 38. g4+ Kh4 39. Kg2 b4 40.
Qxh6# 1-0

[Event "DEM U10w 2017"]
[Site "Willingen GER"]
[Date "2017.06.09"]
[Round "9"]
[White "Alhassan, Jodi"]
[Black "Ulrich, Helena Irene"]
[Result "0-1"]
[Termination "normal"]
[Board "9"]
[WhiteElo "953"]
[BlackElo "1097"]
[PlyCount "116"]
[WhiteFideId "16250460"]
[BlackFideId "16256000"]
[EventCountry "GER"]
[EventRounds "11"]
[EventType "swiss"]
[EventDate "2017.06.03"]

1. e4 c5 2. Nf3 d6 3. d4 cxd4 4. Nxd4 Nf6 5. Nc3 a6 6. f4 e5 7. Nf3 Nc6 8. Bc4
Be7 9. Be3 b5 10. Bb3 b4 11. Ng5 O-O 12. Nd5 Bb7 13. Bb6 Qd7 14. Nxf6+ Bxf6 15.
Be3 Rad8 16. Qh5 h6 17. Nf3 exf4 18. Bxf4 Bxb2 19. Rd1 Bc3+ 20. Bd2 Bxd2+ 21.
Rxd2 Bc8 22. e5 Qe7 23. h4 Nxe5 24. Nxe5 Qxe5+ 25. Qxe5 dxe5 26. Rxd8 Rxd8 27.
O-O Rd7 28. Re1 Re7 29. Re4 a5 30. Rc4 Be6 31. Rc5 Bxb3 32. cxb3 e4 33. Rxa5 e3
34. Kf1 Re4 35. Ke2 Kh7 36. Rd5 Kg6 37. Rd3 Rxh4 38. Rxe3 Rh2 39. Kf3 Kh5 40.
Kg3 Rh4 41. Re7 Rg4+ 42. Kh3 f5 43. Re5 g6 44. Rd5 Re4 45. Rc5 Re2 46. Rb5 Rxa2
47. Rxb4 g5 48. g4+ fxg4+ 49. Rxg4 Ra3 50. Rg3 Ra5 51. b4 Rb5 52. Rb3 g4+ 53.
Kg3 Kg5 54. Kg2 h5 55. Kh2 Kf4 56. Kg2 h4 57. Kh2 Ke4 58. Rb2 Kd3 0-1